Analysis of cervical x-ray images for vertebra localization and segmentation (Record no. 342379)
[ view plain ]
| 000 -LEADER | |
|---|---|
| fixed length control field | 00528nam a2200145 4500 |
| 082 ## - DEWEY DECIMAL CLASSIFICATION NUMBER | |
| Classification number | MSCS-03 UMA |
| 100 ## - MAIN ENTRY--PERSONAL NAME | |
| Personal name | Umair Waqas |
| 245 ## - TITLE STATEMENT | |
| Title | Analysis of cervical x-ray images for vertebra localization and segmentation |
| 260 ## - PUBLICATION, DISTRIBUTION, ETC. | |
| Place of publication, distribution, etc. | (Islamabad) |
| Name of publisher, distributor, etc. | NUST-SEECS |
| Date of publication, distribution, etc. | 2017 |
| 300 ## - PHYSICAL DESCRIPTION | |
| Extent | 53p. |
| 856 ## - Uniform Resource Identifier | |
| Uniform Resource Identifier | <a href="http://10.250.8.41:8080/xmlui/handle/123456789/23127">http://10.250.8.41:8080/xmlui/handle/123456789/23127</a> |
| 942 ## - ADDED ENTRY ELEMENTS (KOHA) | |
| Source of classification or shelving scheme | |
| Koha item type | Thesis |
| Withdrawn status | Lost status | Source of classification or shelving scheme | Damaged status | Not for loan | Collection code | Permanent Location | Current Location | Shelving location | Date acquired | Source of acquisition | Total Checkouts | Full call number | Barcode | Date last seen | Price effective from | Koha item type | Non-public note |
|---|---|---|---|---|---|---|---|---|---|---|---|---|---|---|---|---|---|
| Central Library (CL) | Central Library (CL) | General Stacks | 12/22/2017 | NUST-SEECS | MSCS-03 UMA | SEECSP02240 | 12/22/2017 | 12/22/2017 | Project Report | ||||||||
| Central Library (CL) | Central Library (CL) | Thesis | 09/02/2019 | 005 | CL-T-3238 | 09/02/2019 | 09/02/2019 | Thesis | Minute Sheet No. 0929/02/CL/Survey/5 dated 23rd April 2024 E-MIN ID 114741 | ||||||||
| Central Library (CL) | Central Library (CL) | Thesis | 12/13/2019 | 005 MSCS-03 UMA | CL-T-4207 | 12/13/2019 | 12/13/2019 | Thesis | Minute Sheet No. 0929/02/CL/Survey/5 dated 23rd April 2024 E-MIN ID 114741 |
